Datum a čas kvízu
23
Celkem bodů
Celkový počet nahraných bodů na tomto kvízu bez doplňovacích otázek.
11.
Pořadí na kvízu
Konečné umístění týmu na tomto kvízu.
Zaznamenané odpovědi
| # | Otázka | Odpověď | Body | Výsledky |
|---|---|---|---|---|
| 1. | Pouhé modlení už nestačí. Býva... | Koláček | 0 | |
| 2. | Nedostačují Vám čísla a písmen... | smajlíky (emotikony) | 1 | |
| 3. | Krimikomedii Úhoři mají nabito... | Vladimír Michálek | 0 | |
| 4. | V úterý byla v České republice... | Apple Pay | 1 | |
| 5. | Kouč Crystal Palace se stal mi... | Roy Hodgson | 0 | |
| 6. | Cestovatel Miroslav Zikmund os... | Tatra 87 | 0 | |
| 7. | Na začátku své výpravy, dne 8.... | Casablanca, Maroko | 0.5 | |
| 8. | Cestovatelé si samozřejmě nemo... | Zambezi | 1 | |
| 9. | V prvním červencovém týdnu se... | Buenos Aires | 0 | |
| 10. | Kdo by se chtěl o výpravách ob... | ve Zlíně | 1 |